000 00594cam a2200145 4500500
005 20260208001104.0
041 _afre
042 _adc
100 1 0 _aHandschumacher, Pascal
_eauthor
245 0 0 _aBiodiversité du paludisme dans le monde, Jean Mouchet, Pierre Carnevale, Marc Coosemans, Jean Julvez et al., John Libbey Eurotext, 2004, 428 p.
260 _c2005.
500 _a8
786 0 _nNatures Sciences Sociétés | 13 | 4 | 2005-12-01 | p. 461e-469e | 1240-1307
856 4 1 _uhttps://stm.cairn.info/revue-natures-sciences-societes-2005-4-page-461e?lang=fr&redirect-ssocas=7080
999 _c1644339
_d1644339